000 00471nam a22001577a 4500
003 OSt
005 20220930160752.0
008 220930b |||||||| |||| 00| 0 eng d
040 _cBiblioteca Lado V
082 _a779
_bK32k
100 _943
_aKempe, Fritz
245 _aKunstfotografie um 1900 in Deutschland/
260 _aAlemania
_bStuttgart : Instituts Fur Auslandsbeziehungen
_c1992
300 _a64p.
_c21x30cm
942 _2ddc
_c1
_h779
_iK32k
_n0
999 _c2153
_d2153